Concrete technology (Record no. 4023)

000 -LEADER
fixed length control field 00455nam a22001817a 4500
001 - CONTROL NUMBER
control field 4023
003 - CONTROL NUMBER IDENTIFIER
control field BD-DhUET
008 - FIXED-LENGTH DATA ELEMENTS--GENERAL INFORMATION
fixed length control field 141111b xxu||||| |||| 00| 0 eng d
040 ## - CATALOGING SOURCE
Transcribing agency 0
Modifying agency BD-DhUET
082 ## - DEWEY DECIMAL CLASSIFICATION NUMBER
Classification number 620.136
Item number SHE/1982
100 ## - MAIN ENTRY--PERSONAL NAME
Personal name Shetty, M. S.
245 ## - TITLE STATEMENT
Title Concrete technology
Remainder of title theory and practice
250 ## - EDITION STATEMENT
Edition statement 1st ed.
260 ## - PUBLICATION, DISTRIBUTION, ETC. (IMPRINT)
Place of publication, distribution, etc. New Delhi
Name of publisher, distributor, etc. S. Chand
Date of publication, distribution, etc. 1982
300 ## - PHYSICAL DESCRIPTION
Extent xiv, 592p.
Other physical details ill.
650 #0 - SUBJECT ADDED ENTRY--TOPICAL TERM
Topical term or geographic name as entry element Concrete - Engineering
942 ## - ADDED ENTRY ELEMENTS (KOHA)
Koha item type General Book
Holdings
Location (home branch) Date acquired Lost status Withdrawn status Koha issues (times borrowed) Shelving location Koha item type Not for loan Koha date last seen Price effective from Sublocation or collection (holding branch) Koha collection Koha date last borrowed Piece designation (barcode) Koha normalized classification for sorting Koha full call number Copy number Source of classification or shelving scheme Damaged status
Central Library, BUET2014-11-11  1Circulation sectionGeneral Book 2014-12-232014-11-11Central Library, BUET 2014-11-1158310620_000000000000000_136SHE1982620.136/SHE/19822  
Central Library, BUET2014-11-16  1Circulation sectionGeneral Book 2017-06-052014-11-16Central Library, BUET 2014-11-1656438620_000000000000000_136SHE1982620.136/SHE/19821  
Central Library, BUET2014-11-18  1Circulation sectionGeneral Book 2016-09-032014-11-18Central Library, BUET 2014-11-1858315620_136000000000000_SHE_1982620.136/SHE/19823  
Central Library, BUET2014-11-26  2Circulation sectionGeneral Book 2016-08-212014-11-26Central Library, BUET 2016-03-0558312620_000000000000000_136SHE1982620.136/SHE/19824  
Central Library, BUET2015-02-05   Circulation sectionGeneral Book 2015-02-052015-02-05Central Library, BUETNon Fiction 58311620_136000000000000_SHE_1982620.136/SHE/19825  
Central Library, BUET2015-06-14   Reading sectionReading Item 2015-06-142015-06-14Central Library, BUET  58308620_136000000000000_SHE_1982620.136/SHE/19826  
Central Library, BUET2015-06-15   Reading sectionReading Item 2015-06-152015-06-15Central Library, BUET  58309620_136000000000000_SHE_1982620.136/SHE/19827  
Central Library, BUET2015-06-16   Reading sectionReading Item 2015-06-162015-06-16Central Library, BUET  58313620_136000000000000_SHE_1982620.136/SHE/19828  
Central Library, BUET2015-06-16   Reading sectionReading Item 2015-06-162015-06-16Central Library, BUET  58314620_136000000000000_SHE_1982620.136/SHE/19829  
Central Library, BUET2015-06-20   Reading sectionReading Item 2015-06-202015-06-20Central Library, BUET  58316620_136000000000000_SHE_1982620.136/SHE/198210  
Central Library, BUET2015-06-23   Reading sectionReading Item 2015-06-232015-06-23Central Library, BUET  55327620_136000000000000_SHE_1982620.136/SHE/198211